[Event "Fujitsu Siemens Giants"]
[Site "Frankfurt"]
[Date "2000.06.23"]
[Round "5"]
[White "Leko, Peter"]
[Black "Shirov, Alexei"]
[Result "0-1"]
[WhiteElo "2725"]
[BlackElo "2751"]
[Annotator "Finkel,A"]
[PlyCount "88"]
[EventDate "2000.06.22"]
[EventType "tourn"]
[EventRounds "10"]
[EventCountry "GER"]
[EventCategory "21"]
[SourceTitle "CBM 078"]
[Source "ChessBase"]
[SourceDate "2000.10.18"]
[SourceVersion "1"]
[SourceVersionDate "2000.10.18"]
[SourceQuality "1"]

1. e4 e6 2. d4 d5 3. Nc3 Nf6 4. Bg5 dxe4 5. Nxe4 Be7 6. Bxf6 Bxf6 7. Nf3 O-O 8.
Bc4 Nc6 (8... Nd7 9. Qe2 (9. O-O c5 10. c3 cxd4 11. Nxf6+ Nxf6 12. Nxd4 Qc7 13.
Bb3 Bd7 {1/2-1/2 Short,N-Kortschnoj,V/EUCup f 1988}) 9... Be7 $5 $146 (9... Nb6
10. Bb3 Bd7 11. O-O Bc6 12. Nxf6+ gxf6 $6 13. Rad1 Kh8 14. c4 $14 {
Spassky-Czerniak/Goteborg/1971}) (9... c6 10. O-O b6 11. Rad1 Qc7 12. Nxf6+
Nxf6 13. Qe5 Qe7 14. c3 Bb7 15. Rfe1 $14 {Fischer-Pachman/Leipzig ol/1960}) 10.
O-O (10. O-O-O $13) 10... c5 $1 11. d5 $6 (11. Rfd1 $13) 11... exd5 12. Bxd5
Nb6 $15 {Smirin,I-Lputian,S/Wijk op 1993}) 9. c3 (9. Nxf6+ Qxf6 10. O-O e5 11.
Nxe5 Nxe5 12. dxe5 Qxe5 13. c3 {1/2-1/2 Balashov,Y-Dreev,A/RUS-ch 1995}) 9...
e5 10. d5 Nb8 (10... Na5 $5 11. Bd3 b6 12. h4 g6 13. h5 Bg4 14. Qa4 Bg7 15.
hxg6 hxg6 $13 {Baklan,V-Goloshchapov,A/Ordzhonikidze zt 1.9 2000}) 11. Qe2 (11.
d6 $5 Bf5 12. Qd5 Nd7 13. Qxb7 Bxe4 14. Qxe4 Nc5 15. Qd5 cxd6 16. O-O $14 {
Groszpeter,A-Dizdar,G/AUT-chT qual 1997}) 11... Bf5 12. Ng3 {Leko shows
confidence in his home preparation and opts for the move that braught him
major success in his game against Halifman.} (12. O-O Nd7 13. Rad1 Bxe4 14.
Qxe4 Nc5 15. Qe3 Qd6 16. Rfe1 $14 {Hernandez,G-Shirov,A/Merida 2000}) (12.
O-O-O Nd7 13. Ng3 Bg6 14. Bd3 $1 (14. h4 e4 15. Nxe4 Re8 16. Nxf6+ Qxf6 17. Qd2
Nb6 $44 {Bologan,V-Gurevich,M/Festival comtois 4th 1999}) 14... Bxd3 (14... Nc5
15. Bxg6 hxg6 16. h4 Re8 17. Ne4 Nxe4 18. Qxe4 Qd7 19. g4 $16) 15. Qxd3 Nc5 16.
Qe3 b6 17. h4 Re8 {[%cal Ge5e4]} 18. Ne4 $1 Nxe4 19. Qxe4 $14 {[%cal Gg2g5,
Gh4h5] Leko,P-Khalifman,A/Khalifman-Leko Match 2000}) 12... Bg4 $5 {Novelty
comes pretty soon!In this game Shirov finds very interesting plan,which
doesn't fully equalizes position,but definitly changes drustically the
character of the game.} 13. h3 Bxf3 14. Qxf3 Nd7 15. Ne4 (15. O-O-O $5 Be7 16.
Nf5 Bd6 17. g4 $14) 15... Be7 16. O-O-O Bd6 17. g4 Rb8 18. g5 ({Deserved
attention} 18. h4 b5 19. Bd3 (19. Bb3 b4 20. g5 bxc3 21. bxc3 f5 22. gxf6 Nxf6
23. Ng5 e4 $1 $36) 19... b4 20. c4 Nc5 21. g5 Nxe4 22. Qxe4 g6 23. Rdg1 $36 {
with good attacking chanses.}) 18... b5 19. Bd3 b4 20. Qf5 (20. c4 $5) 20...
bxc3 21. b3 Rb4 $5 (21... g6 $2 {[%csl Rf6]} 22. Qxd7 Qxd7 23. Nf6+ $18) 22. h4
Rxe4 23. Qxe4 $1 (23. Bxe4 g6 24. Qg4 f5 25. gxf6 Nxf6 26. Qe6+ Kh8 27. f3 Nxe4
28. fxe4 Rf2 $1 $40 {[%cal Gd6a3]}) 23... f5 24. gxf6 Nxf6 25. Qc4 e4 26. Bc2 (
26. Bxe4 Nxe4 27. Qxe4 Rxf2 28. Qe6+ Kh8 29. Rde1 Bf4+ 30. Kb1 c2+ 31. Ka1 h6
$17) 26... Bf4+ 27. Kb1 Bd2 28. Bxe4 $14 {Now it's th right time to make some
conclusions:white stands better,but it's not so simple for him to find the
plan to consolidate his position.} Qd6 29. f3 Kh8 30. Qd3 $6 (30. h5) 30... Re8
31. Rhg1 $6 c6 $1 $44 32. Rg2 $2 {Not only losing the advantage,but suddenly
getting in serious troubes.} (32. Qa6 $1 Nxd5 (32... Nxe4 33. fxe4 Qc5 34. Qd3
cxd5 35. exd5 Rd8 36. Rg4 $1 $16) 33. Qxa7 Qf6 34. Qd7 Rd8 35. Qf5 Qxf5 36.
Bxf5 Ne3 37. Be4 $14 {[%cal Gg1e1]}) 32... cxd5 33. Bf5 g6 34. Bh3 Re3 35. Qd4
Rxf3 $17 36. Rf2 c2+ $5 (36... Be3 $5 $17) 37. Kxc2 Be3 38. Rxf3 Bxd4 39. Rxd4
Qc5+ 40. Kd3 Ne4 41. Ke3 Kg7 42. Be6 $2 (42. Bf1 $2 Qc3+ 43. Rd3 Qe1+ 44. Be2
Qg1+ 45. Kf4 Qc1+ 46. Rfe3 (46. Ke5 Qb2+ 47. Kxd5 Qxe2 $19) 46... Qc7+ $1 47.
Kg4 Qd7+ 48. Kf3 Qh3+ 49. Kf4 Qf5#) (42. b4 $17) 42... Qc3+ 43. Rd3 Qe5 $19 {
[%csl Re6]} 44. Bxd5 Nf6+ 0-1

[Event "BIH-chT"]
[Site "Neum"]
[Date "2004.06.02"]
[Round "5.1"]
[White "Sutovsky, Emil"]
[Black "Kovacevic, Aleksandar"]
[Result "1-0"]
[WhiteElo "2661"]
[BlackElo "2559"]
[Annotator "Finkel,A"]
[PlyCount "55"]
[EventDate "2004.05.29"]
[EventType "team"]
[EventRounds "9"]
[EventCountry "BIH"]
[SourceTitle "CBM 102"]
[Source "ChessBase"]
[SourceDate "2004.09.23"]
[SourceVersion "1"]
[SourceVersionDate "2004.09.23"]
[SourceQuality "1"]
[WhiteTeam "Kiseljak"]
[BlackTeam "Sokolac"]
[WhiteTeamCountry "BIH"]
[BlackTeamCountry "BIH"]

1. e4 e6 2. d4 d5 3. Nc3 Nf6 4. Bg5 dxe4 5. Nxe4 Be7 6. Bxf6 Bxf6 7. Nf3 O-O 8.
Bd3 (8. Qd2 {is considered to be the main line.}) 8... Nd7 9. Qe2 c5 (9... Be7)
10. O-O-O {Taking on f6 is harmless for black.} (10. Nxf6+ Nxf6 (10... Qxf6 11.
Qe4 g6 12. c3 Rb8 13. Ne5 cxd4 14. cxd4 Nxe5 15. Qxe5 Qxe5+ 16. dxe5 Bd7 $11 {
Alburt,L-De Firmian,N/New York 1995}) 11. dxc5 Qa5+ 12. c3 Qxc5 13. O-O b6 14.
Ba6 (14. Rfe1 Bb7 15. Ne5 Rad8 16. Rad1 g6 17. Ng4 Nxg4 18. Qxg4 Rd5 $11 {
Hanninen,V-Donner,J/Wageningen 1957}) 14... Bxa6 15. Qxa6 Qc8 16. Qb5 a6 17.
Qe2 Rd8 18. Rfd1 Qb7 19. h3 $11 {1/2-1/2 Milic,B-Trifunovic,P/Sombor 1957/MCD 
(19)}) 10... cxd4 (10... Qa5 11. Kb1 cxd4 12. Nxf6+ Nxf6 13. Nxd4 Bd7 14. g4
Rfe8 15. h4 e5 16. Nb3 Qb6 17. g5 Bg4 18. f3 e4 $132 {Milner Barry,P-Castaldi,
V/Mont Pelerin sur Vevey 1955}) (10... Qb6 11. Nfg5 g6 $2 12. Nxf6+ Nxf6 13.
Qf3 Kg7 14. dxc5 Qxc5 15. Qxf6+ {1-0 Stojanovski,D-Simonovski,M/Skopje 1998/
EXT 2000 (15)}) 11. g4 $5 {Very risky continuation, which is typical for
Emil's agressive style. In his game against Ivanchuk in world championship in
Moscow Emil tried 11.h4 without success:} (11. h4 Be7 $5 {[%cal Gd7f6]} (11...
Qc7 12. Kb1 b6 13. Neg5 Bb7 $6 14. Bxh7+ Kh8 15. Be4 Kg8 16. Bxb7 Qxb7 17. Ne4
$16 {Hund,B-Bondar,T/Moscow 1994}) 12. Neg5 Nf6 13. Ne5 (13. Nxd4 Qc7 14. Qf3
$5) 13... Qc7 14. g4 Bd6 15. f4 b6 16. Rhf1 (16. Rhe1 $5 Bb7 17. Bc4 Bd5 18.
Rxd4 Rac8 19. Bxd5 exd5 $132) 16... Bb7 17. Bc4 Bd5 $11 {Sutovsky,E-Ivanchuk,V/
Moscow 2002}) 11... Be7 $1 {This move makes more sense, than 11...g6, which
was played in this position beforehand.} (11... g6 12. h4 Bg7 13. h5 Qa5 (13...
Re8 14. hxg6 hxg6 15. g5 e5 16. Rh4 Nf8 17. Rdh1 Bf5 18. Qf1 $40 {Richter,
K-Abramavicius,L/Hamburg 1930}) 14. Kb1 Nc5 15. Nxc5 Qxc5 16. hxg6 hxg6 17. Nd2
$40 {Groszpeter,A-Szollosi,L/Zalakaros 2003}) 12. h4 Qc7 (12... e5) 13. Kb1 b6
14. Nfg5 Bb7 15. Nxh7 $5 {[%cal Ge4f6,Gg4g5,Ge2h5] Interesting sacrifice,
which wasn't supposed to bring white more than a half a point.} Kxh7 16. Nf6+
Kh8 (16... Kh6 17. g5#) 17. g5 Nxf6 $2 {Giving too much respect to the
opponent! It was necessary to keep the piece by 17...g6:} (17... g6 $8 18. h5
Bxh1 19. Rxh1 ({Fritz is very confident in black's defensive resourses after} 
19. hxg6 Qh2 $1 20. f4 Qh3 21. Nxd7 fxg6 $19 {and i see no reason to disagree!}
) 19... Kg7 20. Nxd7 Qxd7 (20... Rh8 $2 21. h6+ Kg8 22. Bxg6 $1 Qxd7 23. Qe5
$18 {[%csl Rg8]}) 21. Qe5+ f6 22. Qe4 Qe8 (22... f5 $2 23. Qe5+ Kf7 24. hxg6+
Kxg6 25. Rh6+ Kf7 26. Rh7+ Ke8 27. Bb5 $18) 23. hxg6 Rh8 24. Rxh8 Qxh8 25.
gxf6+ Bxf6 26. Qb7+ Kh6 $11) 18. gxf6 g6 (18... Qc5 19. fxe7 Rfe8 20. Rhg1 Rxe7
21. Rg5 f5 22. Rdg1 $18) 19. fxe7 Qxe7 20. Rhg1 $40 {Now white is attacking
"for free".} Qf6 21. Rg3 e5 (21... Rac8 22. Rdg1 Rc5 23. Bxg6 fxg6 24. Rxg6 $18
) 22. Rdg1 e4 23. Bc4 Qxh4 (23... b5 24. Bb3 Qxh4 25. Qf1 Kg7 26. Qxb5 $18) 24.
Qf1 Kg7 25. Bxf7 Rxf7 $2 {Unfortunate decision. Black had to sacrifice a queen
on g3 with defendable position.} (25... Qxg3 $8 26. Rxg3 Rxf7 27. Qc4 Rxf2 (
27... Rd8 28. Qe6 $18) 28. Qxd4+ Rf6 $14) 26. Rxg6+ Kf8 27. Qc4 $1 $18 {
Now it's all over.} Qf4 (27... d3 28. Qb4+ Ke8 29. Re6+ Re7 30. Rg8+ Kf7 31.
Rxe7+ Qxe7 (31... Kxg8 32. Qc4+ Kh8 33. Qd4+ Kg8 34. Qg7#) 32. Rg7+ Kxg7 33.
Qxe7+ $18) 28. Qe6 1-0

[Event "Enghien les Bains"]
[Site "Enghien les Bains"]
[Date "2003.06.15"]
[Round "3"]
[White "Polgar, Judit"]
[Black "Bareev, Evgeny"]
[Result "1/2-1/2"]
[WhiteElo "2715"]
[BlackElo "2734"]
[Annotator "Finkel,A"]
[PlyCount "76"]
[EventDate "2003.06.13"]
[EventType "tourn"]
[EventRounds "9"]
[EventCountry "FRA"]
[EventCategory "17"]
[SourceTitle "CBM 096"]
[Source "ChessBase"]
[SourceDate "2003.09.25"]
[SourceVersion "1"]
[SourceVersionDate "2003.09.25"]
[SourceQuality "1"]

1. e4 e6 2. d4 d5 3. Nc3 Nf6 4. Bg5 dxe4 5. Nxe4 Nbd7 6. Nf3 h6 7. Bxf6 {
Rare continuation promising white nothing special.} (7. Nxf6+) 7... Nxf6 8. Bd3
Nxe4 9. Bxe4 c5 10. c3 (10. Qe2 Qa5+ 11. c3 cxd4 12. Nxd4 Be7 13. Qb5+ Qxb5 14.
Nxb5 O-O 15. O-O-O f5 $11 {Webb,L-King,D/Dublin 1991}) (10. O-O cxd4 11. Nxd4 (
11. Ne5 Be7 12. Qf3 O-O 13. Bxb7 Bxb7 14. Qxb7 Qd6 15. Rfe1 Qb4 $15 {Korbut,
E-Bistrikova,E/St Petersburg 2001}) 11... Bc5 (11... Be7 12. c3 O-O 13. Qe2 a6
14. Bc2 Bf6 15. Rfd1 $14 {Karaklajic,N-Marinkovic,S/Kladovo 1996}) 12. Nb3 Qxd1
13. Rfxd1 Be7 (13... Bb6 $11) 14. a4 g5 15. g3 $14 {Barthel,B-Sautter,E/
Germany 1993}) (10. d5 $5 Qc7 11. Qe2 Be7 12. O-O-O O-O 13. Ne5 Bd6 14. Nc4
exd5 15. Bxd5 Bf4+ 16. Kb1 Be6 17. Bxe6 Rae8 {1/2-1/2 Zhelnin,V-Dolmatov,S/
Krasnodar 1997/EXT 2000 (17)}) (10. Qd2 cxd4 11. O-O-O Bc5 12. h4 Qb6 13. Ne5
Qc7 14. f4 $36 {Moreno Carnero,J-Prasca Sosa,R/Isla Margarita 1998}) 10... cxd4
11. Qa4+ (11. Ne5 Qc7 12. Qxd4 Bc5 13. Qa4+ Kf8 (13... Bd7 14. Qxd7+ Qxd7 15.
Nxd7 Kxd7 16. Bxb7 Rab8 17. Bf3 Rhc8 (17... Rxb2 $4 18. O-O-O+ $18) 18. O-O-O+
Ke7 19. Rd2 $16) 14. Nd3 Bd6 $13) 11... Qd7 $5 (11... Bd7 12. Qxd4 Bc6 13.
Bxc6+ bxc6 14. Qa4 {[%csl Rc6]} Qc7 15. O-O Be7 16. Rad1 O-O $11) 12. Qc4 {
Inviting Bareev to enter complications after 12...d:c3} Bd6 (12... dxc3 13. Rd1
Bd6 14. Qd4 Bf8 15. Qc4 (15. Qxc3 Qb5 16. a3 Qc5 17. Qd2 Be7 18. Bxb7 Rb8 19.
Bxc8 (19. Rc1 Bg5 20. Nxg5 Qe5+ 21. Be4 hxg5 22. Qe3 Bd7 $13) 19... Qxc8 20.
O-O O-O $11) 15... Bd6 $11) 13. Qxd4 O-O 14. O-O-O Bf4+ 15. Kb1 Qxd4 16. Nxd4
$14 {Black is still facing some problems with his queenside pieces.} a6 (16...
f5 $6 17. Bf3 e5 18. Bd5+ Kh7 19. Ne2 Bg5 20. f4 Bxf4 21. Nxf4 exf4 22. Rhe1
$36 {[%csl Rc8][%cal Ge1e7]}) 17. c4 Bg5 18. Rhe1 (18. c5 Be7 19. Rc1 $14)
18... Be7 19. f4 Rd8 20. Nf3 a5 21. Ne5 $6 ({After correct} 21. Rxd8+ Bxd8 22.
c5 Be7 23. Rc1 a4 24. Ne5 $14 {[%csl Rc8][%cal Gc5c6] black's defensive task
would have remained pretty tough.}) 21... a4 22. c5 Rxd1+ 23. Rxd1 f6 24. Nd7 (
24. Nd3) 24... Bxd7 25. Rxd7 Bxc5 26. Bxb7 Ra7 27. Bc8 (27. Kc2 Kf8 28. Kd3 Be7
$11 29. Kc4 $140 $2 Ke8 30. Rc7 Kd8 31. Rc8+ Kd7 $19) 27... e5 28. fxe5 fxe5
29. Rxa7 Bxa7 30. Kc2 e4 31. Bd7 a3 32. b4 Bd4 33. Kb3 Bb2 34. b5 Kf8 35. b6
Ke7 36. Bc6 e3 37. b7 Be5 38. Bf3 Bxh2 1/2-1/2

[Event "FRA-chT Gp-A"]
[Site "France"]
[Date "2003.02.02"]
[Round "3.6"]
[White "Nataf, Igor Alexandre"]
[Black "Salaun, Yann"]
[Result "1-0"]
[WhiteElo "2545"]
[BlackElo "2386"]
[Annotator "Finkel,A"]
[PlyCount "67"]
[EventDate "2003.01.31"]
[EventType "team"]
[EventRounds "7"]
[EventCountry "FRA"]
[SourceTitle "CBM 094"]
[Source "ChessBase"]
[SourceDate "2003.05.26"]
[SourceVersion "1"]
[SourceVersionDate "2003.05.26"]
[SourceQuality "1"]
[WhiteTeam "Paris NAO"]
[BlackTeam "Drancy"]
[WhiteTeamCountry "FRA"]
[BlackTeamCountry "FRA"]

1. e4 e6 2. d4 d5 3. Nc3 Nf6 4. Bg5 dxe4 5. Nxe4 Nbd7 6. Nf3 a6 $5 (6... Be7) (
6... h6) 7. Nxf6+ Nxf6 8. Bd3 c5 9. dxc5 Bxc5 10. Qe2 h6 (10... Be7 11. O-O-O
Nd5 12. Bxe7 Qxe7 13. Rhe1 Nf4 14. Qe4 Nxd3+ 15. Rxd3 O-O 16. Ne5 f6 17. Nc4
Rb8 18. Red1 e5 $11 {Padevsky,N-Barcza,G/Moscow 1962}) (10... Qa5+ 11. c3 Qc7 (
11... Be7 12. Ne5 O-O (12... Nd7 13. Bf4 Nxe5 14. Bxe5 Bf6 15. Bxf6 gxf6 16.
O-O-O Bd7 $11 {Zozulia,A-Baklanova,T/Kramatorsk 2001}) 13. h4 $5 Rd8 14. O-O-O
Qc7 $6 15. Bc2 h6 16. Rxd8+ Qxd8 17. Bxf6 Bxf6 18. Qe4 $16 {Djuric,S-Fuentes,M/
Manila 1997}) 12. O-O b6 (12... h6 13. Bd2 b5 $2 14. a4 bxa4 15. Rxa4 Nd5 16.
Bxa6 Bd7 17. Raa1 $16 {Rios Filho,H-Butenco,H/Brazil 1999}) 13. Bxf6 gxf6 14.
Rad1 Ra7 15. Rd2 O-O 16. Rfd1 f5 17. Bc2 $14 {Jansa,V-Fries Nielsen,J/Rimavska
Sobota 1991}) 11. Bh4 Qc7 12. O-O Nd5 $6 {White wasn't threatening to take on
f6 so there was no reason to waste precious time to defend against unexisting
threat!} (12... O-O $5 13. Bxf6 gxf6 14. Qe4 f5 15. Qh4 Kg7 16. Rfe1 b5 17. Ne5
Bb7 $132) 13. Rad1 $1 O-O (13... Nf4 $2 14. Qe5 $1 Qxe5 15. Bb5+ $1 {[%cal
Gd1d8]} axb5 16. Rd8#) 14. Bg3 Qe7 (14... Bd6 15. Bxd6 Qxd6 16. c4 $1 Nf4 17.
Bh7+ Kh8 (17... Kxh7 18. Qc2+ Nd3 19. Rxd3 Qf4 20. Rd8+ Kg8 21. Rfd1 $36) 18.
Qe3 Qc7 19. Bb1 f6 20. Qe4 g5 21. c5 $16) 15. c4 Nb4 16. Bb1 $16 Nc6 17. Rfe1 {
The knight on f6 was about an only piece defending black king so black has to
take drastic measures to supress white's attack.} g5 (17... f5 18. Bf4 g5 19.
Be3 g4 20. Nd4 Nxd4 21. Bxd4 Bxd4 22. Rxd4 Bd7 23. Qd2 $16 {[%csl Rd7,Rh6]})
18. Ne5 $5 {[%cal Ge2h5]} Nxe5 19. Bxe5 f6 20. Bc3 a5 (20... Bb4 $6 21. Bxb4
Qxb4 22. Qh5 $18) (20... e5 21. Qh5 Qg7 22. b4 Be7 23. Be4 $16) 21. a3 $6 a4
22. Qe4 Ra7 $1 {[%cal Gb7b6,Ga7d7]} 23. Kh1 $5 {[%cal Gf2f4]} e5 (23... Bxf2
24. Rf1 Bc5 25. Qg6+ Qg7 26. Rxf6 Rxf6 27. Rd8+ $1 {[%cal Gc3g7]} Bf8 28. Qxg7+
Kxg7 29. Bxf6+ Kxf6 30. Rxf8+) 24. Rd2 b6 25. Red1 Rc7 (25... Qf7) 26. Bc2 Ra7
27. Rd5 Be6 $2 {Very painful blunder after very good defense. Black had to play
} (27... Bb7 $1 28. Qg6+ Qg7 29. Rd7 (29. Qxg7+ Kxg7 30. Rd7+ Rf7 31. Rxf7+
Kxf7 32. Rd7+ Ke6 33. Rh7 h5 34. h4 $14) 29... Qxg6 30. Bxg6 Rfa8 $1 31. Bf5
Ba6 $14 {with playable position.}) 28. Rxe5 $1 $18 {Now it's all over.} fxe5
29. Qg6+ Qg7 (29... Kh8 30. Bxe5+ $18) 30. Qxe6+ Qf7 31. Qxe5 Qxf2 32. Qh8+ Kf7
33. Qh7+ Ke6 34. Qxh6+ 1-0

[Event "Corus"]
[Site "Wijk aan Zee"]
[Date "2000.01.22"]
[Round "6"]
[White "Anand, Viswanathan"]
[Black "Kortschnoj, Viktor Lvovich"]
[Result "1-0"]
[WhiteElo "2769"]
[BlackElo "2659"]
[Annotator "Finkel,A"]
[PlyCount "37"]
[EventDate "2000.01.15"]
[EventType "tourn"]
[EventRounds "13"]
[EventCountry "NED"]
[EventCategory "18"]
[SourceTitle "CBM 075"]
[Source "ChessBase"]
[SourceDate "2000.04.05"]
[SourceVersion "1"]
[SourceVersionDate "2000.04.05"]
[SourceQuality "1"]

1. e4 e6 2. d4 d5 3. Nc3 Nf6 4. Bg5 dxe4 5. Nxe4 Nbd7 6. Nf3 Be7 7. Nxf6+ Bxf6
8. h4 h6 9. Bxf6 Nxf6 {After this game the variation needs to be rebuild!It's
difficult to point out where black made the mistake,but I guess he did it
somewhere,because otherwise I don't know how to explai the fact that the game
lasted only 19 moves!} (9... Qxf6 10. Qd2 c5 (10... O-O $5 11. O-O-O e5 12.
dxe5 (12. Qe3 exd4 13. Rxd4 Nb6 14. Qe5 Qxe5 {1/2-1/2 Morovic Fernandez,
I-Miles,A/Capablanca Elite 1997}) 12... Nxe5 13. Nxe5 Qxe5 14. Bc4 Qf6 15. Qd4
$11 {1/2-1/2 Har-Zvi,R-Soffer,R/ISR-chT ASA Tel-Aviv-Hapoel P.T 1998}) 11.
O-O-O O-O 12. Bb5 $5 cxd4 13. Qxd4 Qxd4 14. Rxd4 Nf6 15. Ne5 a6 16. Be2 b5 17.
Bf3 $14 {Arancibia,E-Dumas Aviles,A/Esucomex op 1998}) 10. Qd2 b6 (10... Qd5 $6
11. c4 Qe4+ 12. Be2 b6 13. O-O-O Bb7 14. Ne5 $1 Qh7 15. f3 $16 {Kling,
T-Saraiva,T/Elista olw 1998}) 11. O-O-O Bb7 12. Ne5 O-O 13. Bd3 c5 ({Deserved
attention} 13... Qd5 $5 14. c4 Qd6 15. Rhe1 Rfd8 16. g4 Nd7 17. g5 $36 {
,but also in this case white's initiative is very dangerous.}) 14. dxc5 Qc7 $6
{Thi move is probably a decisive mistake,because afterwards black hardly could
improve his game.Better was} (14... bxc5 15. Rhe1 Nd5 $1 $14 {[%cal Gd5b4,
Gd8h4]}) 15. Rhe1 $16 Bxg2 (15... bxc5 16. g4 Rfd8 17. g5 hxg5 18. Qxg5 $40 {
[%cal Ge1g1]}) 16. Re2 $1 {[%cal Gd1g1] Very strong move,probably missed by
black.From now on white's attack is unstopable.} Kh8 17. Rg1 Bd5 18. Qf4 {
[%csl Rc7][%cal Ge5g6] Threatening to win the queen} Qxc5 19. Re3 $1 {[%csl
Rh8][%cal Gg1g7,Ge3g3] Black is helpless against numerous threats and he finds
nothing btter than to resign!} (19. Re3 Rac8 20. Reg3 $1 (20. Rxg7 $5 Qxe3+ 21.
fxe3 Kxg7 22. e4 Bb7 23. Nf3 $36) 20... Nh5 21. Qxh6+ $3 gxh6 22. Rg8+ $1 Rxg8
23. Nxf7#) 1-0

[Event "EU-ch 4th"]
[Site "Istanbul"]
[Date "2003.06.11"]
[Round "11"]
[White "Alekseev, Evgeny V"]
[Black "Iljushin, Alexei"]
[Result "1-0"]
[WhiteElo "2607"]
[BlackElo "2556"]
[Annotator "Finkel,A"]
[PlyCount "91"]
[EventDate "2003.05.30"]
[EventType "swiss"]
[EventRounds "13"]
[EventCountry "TUR"]
[SourceTitle "CBM 096"]
[Source "ChessBase"]
[SourceDate "2003.09.25"]
[SourceVersion "1"]
[SourceVersionDate "2003.09.25"]
[SourceQuality "1"]

1. e4 {Hecht} e6 2. d4 d5 3. Nc3 Nf6 4. Bg5 dxe4 5. Nxe4 Be7 6. Bxf6 gxf6 7.
Nf3 a6 (7... Nd7 $5 8. Bd3 c5 9. O-O O-O 10. Qd2 f5 11. Nxc5 Nxc5 12. dxc5 Bf6
$5 $44 {Rogers,I-Short,N/Novi Sad olm 1990}) (7... Qd5 8. Bd3 Bd7 9. O-O Nc6
10. c4 Qh5 11. Ng3 Qg4 12. d5 $14 {Lendwai,R-Fauland,A/Graz 1991}) 8. Qe2 {
This move braught Ponomariov very convincing vitory over Morozevich back in
2001, but this time white refrains from transposing into the lines with g3.} (
8. Qd2 f5 9. Nc3 b5 10. O-O-O {1/2-1/2 Watson,W-Anand,V/Palma de Mallorca GMA
1989}) (8. Bd3 Nd7 9. Qe2 c5 10. dxc5 Qa5+ 11. Qd2 Qxd2+ 12. Nfxd2 Nxc5 13.
Nxc5 Bxc5 $11 {Cohn,E-Swiderski,R/Wien 1908}) (8. g3 f5 9. Nc3 Bf6 10. Bg2 c5
11. d5 Qb6 12. Rb1 O-O 13. O-O Rd8 14. Re1 $6 Nc6 15. Qc1 Nd4 $13 {Glek,
I-Short,N/ICC-0.05(+5s/z) 2000/[IG]}) 8... b5 9. O-O-O (9. g3 Bb7 10. Bg2 Bd5 (
10... Nd7 11. O-O O-O 12. Rfd1 $5 (12. Rad1 $6 Bd5 13. Rfe1 Kh8 14. Nfd2 (14.
a3 c6 15. Nc3 f5 16. Ne5 Nxe5 17. dxe5 $14 {[%cal Ge2e3,Gc3e2,Ge2f4]}) 14... c6
15. c4 bxc4 16. Nxc4 a5 $5 $132 {Polgar,J-Morozevich,A/Corus 2000}) 12... Bd5
13. c3 f5 14. Ned2 c5 15. dxc5 Nxc5 16. Nf1 {[%cal Gf1e3,Gd1d8]} (16. c4 $6 Bb7
17. Nb3 Qb6 18. Nxc5 Bxc5 19. Ne5 Bxg2 20. Kxg2 Bd4 $11 {Glek,I-Schlosser,P/
Deizisau e.V. 2000}) 16... Qc7 17. Rxd5 $5 exd5 18. Ne3 $44 {[%csl Rd5,Rf5]
[%cal Gf3d4] Kasparov,G-Gurevich,M/Sarajevo 2000/CBM 77}) 11. c3 Nd7 12. b3 $5
O-O 13. O-O f5 14. Ned2 c5 15. c4 Bc6 16. Rad1 $14 {Ponomariov,R-Morozevich,A/
Moscow 2001}) 9... Bb7 10. Qe3 f5 $6 {Weakening square e5.} (10... Nd7) 11. Nc5
Bd5 12. Ne5 Nc6 13. Nxc6 Bxc6 14. Be2 $1 {[%cal Ge2h5]} Bxg2 {It's hard to
recommend black something else, even though a move in the game leads to very
dangerous position for black.} 15. Rhg1 Bd5 16. Bh5 $1 {[%csl Re6,Re8,Rf7]}
Bxc5 {White knight on c5 is just far too strong to tolerate it.} (16... Qd6 17.
Rde1 Rd8 18. Qh6 e5 19. Qg7 Qf6 20. Qxf6 Bxf6 21. Nxa6 Kd7 22. Nb4 $16) 17.
dxc5 Qe7 $6 (17... c6 $142 $5 18. Qh6 Ra7 (18... Qe7 19. Bxf7+ Qxf7 20. Rg7 $18
) 19. Rxd5 cxd5 (19... Qxd5 20. Qf6 Rf8 21. Rd1 $18) 20. Qxe6+ Kf8 21. Qh6+ Ke8
22. Qf4 $16) 18. Rxd5 $1 $18 exd5 19. Bxf7+ Kxf7 (19... Kd7 20. Be6+ Ke8 21.
Qe5 $18) (19... Kd8 20. Qd4 Rf8 21. Qxd5+ Qd7 22. Qxa8+ Ke7 23. Qg2 $18) 20.
Rg7+ Kxg7 21. Qxe7+ Kg6 22. Qxc7 {The rest is a matter of technique. Black
pawns are too weak so black has no real chances of survival.} Rhe8 23. Kd2 Re6
24. Qd7 Rae8 25. c6 R6e7 26. Qxd5 Rc8 27. h4 $1 {Preventing black from playing
Rec7} (27. Qd6+ {Hecht} Kf7 28. Qh6 $1 Rec7 29. Qxh7+ Kf6 30. Qh6+ Ke5 31. f4+
Ke4 32. Qe6+ Kxf4 33. Qe3+ Kg4 34. Qg3+ Kh5 35. h4 Kh6 36. Qg5+ Kh7 37. Qxf5+
Kg7 $18 {... eigentlich!}) 27... Kf6 (27... Rec7 28. Qe6+ Kg7 29. h5 Rxc6 30.
h6+ Kf8 31. Qxf5+ Kg8 32. Qg4+ $18) 28. a4 bxa4 29. Qd4+ Kg6 30. Qxa4 Re6 31.
Qxa6 Rd6+ (31... Rcxc6 $142 {(Hecht) weil flexibler; man denke nur an die
Dauerschachmöglichkeit durch Tcd6+ usw. Da hilft nur} 32. Qa8 $1 {[%csl Gc6]
[%cal Ra8g8]} Rcd6+ 33. Kc3 Rc6+ 34. Kd4 (34. Kb4 $2 Rxc2) (34. Kb3 $5 Rb6+ 35.
Kc4 Rbc6+ 36. Kb5 Rxc2) {weil} 34... Rxc2 $2 ({aber} 34... Red6+ $1 35. Ke3
Re6+ 36. Kf3 (36. Kf4 Re4+ 37. Kg3 Rxc2) 36... Rxc2 $132) 35. Qg8+ Kf6 36. Qg5+
Kf7 37. Qxf5+ {scheitert.}) 32. Kc1 Rdxc6 33. Qe2 {'-+' Hecht. Hecht: 'nun
eindeutig angesichts der verbundenen Freibauern'} h6 34. b3 R8c7 35. Kb2 Kf6
36. c4 Re6 37. Qd2 Kg6 38. Kc3 Rce7 39. c5 Re4 40. b4 Rxh4 41. Qd6+ Kf7 42. c6
Rh3+ 43. Kc4 Re4+ 44. Kb5 Rc3 45. Qxh6 Rec4 46. Qd6 1-0